000 00259nam a2200097Ia 4500
001 717663
005 20250826163008.0
008 250824s9999 xx 000 0 und d
245 0 _aKAHRAMANLAR ÇANAKKALE DE
_cAHMET HALDUN TERZİOĞLU
260 _bPANAMA YAYINLARI
999 _c717663
_d717663